La plus grande ville du monde en "D" ou "E" par deuxième lettre - Statistiques

Statistiques générales
  • Ce quiz a été pris 50 fois
  • Le résultat moyen est 7 sur 16
Réponses sur la Carte
Les réponses sont colorées sur une échelle allant du rouge au vert en fonction du pourcentage des utilisateurs qui les ont devinées à leur premier essai. Vous pouvez retrouver ces pourcentages ci-dessous.
 
Statistiques - réponses
Population Pays Ville % Correct
3 521 000 Etats-Unis De{troit}
83%
22 510 000 Bangladesh Da{cca}
80%
1 520 000 Canada Ed{monton}
74%
585 000 Allemagne Dr{esde}
70%
1 092 000 Arménie Er{evan}
67%
974 000 Etats-Unis El {Paso}
65%
3 200 000 Afrique du Sud Du{rban}
63%
581 000 Allemagne Es{sen}
61%
4 785 000 Arabie Saoudite Dj{eddah}
57%
1 521 000 Russie Ek{aterinburg}
50%
893 000 Ukraine Dn{ipro}
37%
7 515 000 Chine Do{ngguan}
13%
1 080 000 Turquie Di{yarbakir}
11%
821 000 Nigeria En{ugu}
9%
686 000 Chine Ez{hou}
4%
1 369 000 Inde Dh{anbad}
2%
Aucun quiz correspondant
Distribution des résultats
% des personnes avec chaque résultat
Percentile par nombre de réponses
Votre historique - résultats
Vous n’avez pas pris ce quiz